000 01904nam a22002777a 4500
999 _c58549
_d58549
003 Ge_BSU
005 20220601132601.0
008 220601s2015 ge ||||| |||| 00| 0 geo d
020 _a9789941073717
041 _ageo
080 _a2-1+1(430(092ჰეგელი) დ-90
100 _aდუმბაძე, დ. (დევი)
_913938
245 _aიდეოლოგია და არარეგლამენტირებული გამოცდილება :
_bჰეგელის რელიგიის ფილოსოფია, ადორნოს იდეოლოგიის კრიტიკა /
_cდევი დუმბაძე ; სამეცნ. რედ.: დევი დუმბაძე, თენგიზ ირემაძე.
264 _aთბილისი :
_bსაგა : სოსო დუმბაძე,
_c2015.
300 _a158 გვ. ;
_b14 სმ.
490 _aჯიბის წიგნის სერია
_v10. მედია-კულტურა-საზოგადოება
504 _aბიბლიოგრ. ტექსტის შენიშვნებში.
653 _aგერმანელი ფილოსოფოსები.
653 _aრელიგიის ფილოსოფია.
653 _aადორნო, თ.ვ. (თეოდორ ვ.), 1903-1969.
653 _aჰეგელი, გ.ვ.ფ., 1770-1831 (გეორგ ვილჰელმ ფრიდრიხ)
700 _aდუმბაძე, დ. (დევი)
_eსამეცნიერო რედაქტორი
_913938
700 _aირემაძე, თ. (თენგიზ)
_eსამეცნიერო რედაქტორი
_913939
700 _aდუმბაძე, ს. (სოსო),
_eგამომცემელი
_913940
942 _2udc
_cBK